| 000 | 00617nam a2200145Ia 4500 | ||
|---|---|---|---|
| 008 | 100204s9999 xx 000 0 und d | ||
| 082 | _b16401 | ||
| 100 | _aपठाण यू. म. | ||
| 245 | _aसन्तसाहित्य : पुनर्मूल्यांकन | ||
| 260 |
_b"अनुप प्रकाशन केंद्र्र, औरंगाबाद" _c1992 |
||
| 300 | _a64 | ||
| 630 | _aसन्तसाहित्य : पुनर्मूल्यांकन | ||
| 730 | _aसन्तसाहित्य : पुनर्मूल्यांकन | ||
| 942 | _cBOOK | ||
| 999 |
_c460824 _d460821 |
||